[Event "89th UKR-ch"]
[Site "Omelnyk UKR"]
[Date "2020.11.18"]
[Round "1.1"]
[White "Koziak, Vitali"]
[Black "Korobov, Anton"]
[WhiteElo "2428"]
[BlackElo "2683"]
[Result "0-1"]
[EventDate "2020.11.18"]
[PlyCount "80"]

1. e4 c5 2. c3 Qa5 3. Na3 Nc6 4. Nc4 Qd8 5. Nf3 e6 6. e5 Nh6 7. d4 cxd4 8. Bxh6 gxh6 9. Nxd4 Qg5 10. g3 Bc5 11. f4 Qe7 12. Nxc6 bxc6 13. Bd3 O-O 14. Qh5 f6 15. Qxh6 fxe5 16. fxe5 Bf2+ 17. Ke2 Ba6 18. Rhf1 Bxc4 19. Bxc4 Qc5 20. Bd3 Rf7 21. Qg5+ Kh8 22. Kd2 Raf8 23. Kc2 d5 24. Rad1 Qb6 25. Rd2 Be3 26. Rxf7 Rxf7 27. Qh5 Rb7 28. b4 Bxd2 29. Qe8+ Kg7 30. Qxe6 Qf2 31. Qg4+ Bg5+ 32. Kb3 h6 33. h4 c5 34. hxg5 c4+ 35. Bxc4 dxc4+ 36. Qxc4 hxg5 37. Qd5 Re7 38. Qd4 Qxd4 39. cxd4 Kf7 40. b5 Ke6 0-1

[Event "89th UKR-ch"]
[Site "Omelnyk UKR"]
[Date "2020.11.18"]
[Round "1.10"]
[White "Solodovnichenko, Yuri"]
[Black "Bilych, Olexiy"]
[WhiteElo "2544"]
[BlackElo "2318"]
[Result "1-0"]
[EventDate "2020.11.18"]
[PlyCount "85"]

1. Nf3 Nf6 2. g3 d5 3. Bg2 e6 4. c4 Be7 5. O-O O-O 6. b3 b6 7. d4 Bb7 8. cxd5 exd5 9. Bf4 Ne4 10. Nfd2 Bf6 11. Nxe4 dxe4 12. Nd2 Re8 13. Rc1 Na6 14. b4 g5 15. b5 gxf4 16. bxa6 Bd5 17. gxf4 Bxd4 18. e3 Bg7 19. Qc2 f5 20. Rfd1 c6 21. Nf1 Qh4 22. Ng3 Rf8 23. Bf1 Rf6 24. Bc4 Rd8 25. Qb3 Kh8 26. Bxd5 cxd5 27. Rxd5 Rdf8 28. Qb5 Rh6 29. Rxf5 Qxh2+ 30. Kf1 Qh3+ 31. Ke1 Rd8 32. Rd5 Rf8 33. Rh5 Rxh5 34. Qxh5 Qe6 35. Qe2 Rd8 36. Qc4 Qd7 37. Kf1 h5 38. Qe2 Qh3+ 39. Kg1 Rd5 40. Nxe4 Qd7 41. Ng5 Bh6 42. Qxh5 Kg7 43. Rc7 1-0

[Event "89th UKR-ch"]
[Site "Omelnyk UKR"]
[Date "2020.11.18"]
[Round "1.2"]
[White "Kuzubov, Yuriy"]
[Black "Peng, Li Min"]
[WhiteElo "2641"]
[BlackElo "2428"]
[Result "1-0"]
[EventDate "2020.11.18"]
[PlyCount "119"]

1. d4 Nf6 2. Nf3 e6 3. c4 c5 4. d5 exd5 5. cxd5 g6 6. Nc3 d6 7. g3 Bg7 8. Bg2 O-O 9. O-O Re8 10. Bf4 a6 11. a4 Ne4 12. Nxe4 Rxe4 13. Nd2 Rb4 14. b3 a5 15. Ra2 b6 16. Re1 Ba6 17. Ne4 h6 18. Bd2 Rd4 19. Qc1 Qe7 20. Nc3 Rb4 21. Bxh6 Bxh6 22. Qxh6 Rxb3 23. Ne4 Nd7 24. h4 Rb4 25. Ng5 Nf6 26. h5 Qf8 27. Qxf8+ Rxf8 28. hxg6 fxg6 29. e4 Re8 30. f4 Nxd5 31. e5 Rd4 32. Bxd5+ Rxd5 33. Ne4 Re6 34. Nf6+ Rxf6 35. exf6 Kf7 36. Rb2 Kxf6 37. Rxb6 Bd3 38. Rd1 Kf5 39. Kf2 Ke4 40. Re1+ Kd4 41. Re6 Kc3 42. Ke3 Rd4 43. Rbxd6 Bf5 44. Rf6 Rxa4 45. g4 Bxg4 46. Rxg6 Bf5 47. Rg5 Rd4 48. Rf6 Rd3+ 49. Ke2 Be4 50. Rxc5+ Kd4 51. Rxa5 Re3+ 52. Kf2 Rf3+ 53. Kg1 Ke3 54. Ra3+ Ke2 55. Ra2+ Ke3 56. Kh2 Bd3 57. Ra3 Kf2 58. Rd6 Be2 59. Rxf3+ Kxf3 60. f5 1-0

[Event "89th UKR-ch"]
[Site "Omelnyk UKR"]
[Date "2020.11.18"]
[Round "1.3"]
[White "Zubarev, Alexander"]
[Black "Onyshchuk, Volodymyr"]
[WhiteElo "2422"]
[BlackElo "2633"]
[Result "0-1"]
[EventDate "2020.11.18"]
[PlyCount "60"]

1. e4 d6 2. d4 Nf6 3. Nc3 g6 4. f4 Bg7 5. Nf3 O-O 6. Bd3 Na6 7. O-O c5 8. d5 Rb8 9. h3 b6 10. f5 b5 11. fxg6 hxg6 12. Nxb5 Nxe4 13. Nxa7 c4 14. Nc6 Qb6+ 15. Kh2 cxd3 16. Nxe7+ Kh8 17. Qe1 Nf6 18. Qh4+ Nh5 19. g4 Qc7 20. gxh5 Rb4 21. Qg5 Re8 22. Re1 Qd7 23. Nxc8 Rxe1 24. Nxe1 Qxc8 25. hxg6 fxg6 26. c3 Re4 27. Nxd3 Re2+ 28. Kg1 Qxh3 29. Qxg6 Nc5 30. Bh6 Bxh6 0-1

[Event "89th UKR-ch"]
[Site "Omelnyk UKR"]
[Date "2020.11.18"]
[Round "1.4"]
[White "Bernadskyi, Vitalii"]
[Black "Buksa, Nataliya"]
[WhiteElo "2619"]
[BlackElo "2410"]
[Result "1-0"]
[EventDate "2020.11.18"]
[PlyCount "63"]

1. c4 e6 2. Nf3 d5 3. d4 Nf6 4. Bg5 Be7 5. e3 Nbd7 6. Nbd2 h6 7. Bh4 Ne4 8. Bxe7 Qxe7 9. Nxe4 dxe4 10. Nd2 f5 11. Qh5+ Qf7 12. Qxf7+ Kxf7 13. c5 e5 14. Bc4+ Ke7 15. f3 exd4 16. exd4 Nf6 17. fxe4 fxe4 18. O-O Be6 19. Bxe6 Kxe6 20. Rae1 Kd5 21. Rf5+ Kxd4 22. Nb3+ Kd3 23. Rd1+ Ke3 24. c6 b6 25. Re1+ Kd3 26. Rc1 e3 27. Re5 Ke2 28. Rc2+ Kd1 29. Rc3 Rhe8 30. Kf1 e2+ 31. Rxe2 Rxe2 32. Rc1# 1-0

[Event "89th UKR-ch"]
[Site "Omelnyk UKR"]
[Date "2020.11.18"]
[Round "1.5"]
[White "Frolov, Artur"]
[Black "Shevchenko, Kirill"]
[WhiteElo "2405"]
[BlackElo "2592"]
[Result "0-1"]
[EventDate "2020.11.18"]
[PlyCount "170"]

1. d4 Nf6 2. c4 g6 3. Nc3 Bg7 4. e4 d6 5. f3 O-O 6. Be3 c5 7. dxc5 dxc5 8. Qxd8 Rxd8 9. Bxc5 Nc6 10. Rd1 Rxd1+ 11. Kxd1 Nd7 12. Be3 b6 13. Kc2 Nde5 14. a3 f5 15. h3 fxe4 16. fxe4 Bb7 17. Nf3 Nxf3 18. gxf3 Bd4 19. Bc1 Bf2 20. Ne2 Ne5 21. Bg2 Nxc4 22. Rd1 Bc6 23. Rd3 Rc8 24. Rc3 Bd7 25. Kb1 Be1 26. Rd3 Bb5 27. Rd1 Bf2 28. Nc3 Bc6 29. Bf1 Ne3 30. Bxe3 Bxe3 31. Nd5 Bg5 32. Bc4 Kg7 33. Ba6 Rd8 34. Rg1 Bxd5 35. exd5 Rxd5 36. Bb7 Rb5 37. a4 Ra5 38. b4 Re5 39. Be4 b5 40. axb5 Rxb5 41. Kc2 Be3 42. Rb1 Rh5 43. Kd3 Bb6 44. Rh1 Kf6 45. Bc6 Rh4 46. b5 Ke5 47. Re1+ Kf6 48. Rh1 Kg5 49. Re1 Rd4+ 50. Kc2 Kf6 51. Re4 Rd6 52. Rf4+ Kg7 53. Re4 e6 54. Re2 a5 55. Re4 Kf6 56. Rf4+ Ke7 57. Rh4 h5 58. Rc4 Rd4 59. Rxd4 Bxd4 60. Kb3 Bb6 61. Kc4 Kf7 62. Be4 Kf6 63. Bc2 Kg5 64. Be4 Bf2 65. Kc3 Bg1 66. Kc4 Bb6 67. Kc3 Kf6 68. Bc2 g5 69. Kc4 h4 70. Bb1 Ke5 71. Bg6 g4 72. fxg4 Kf4 73. Bc2 Ba7 74. Bb1 Be3 75. Bc2 Bb6 76. Bb1 a4 77. Kb4 Bd8 78. Kxa4 Kg3 79. g5 Bxg5 80. b6 Be3 81. b7 Ba7 82. Ba2 e5 83. Kb5 e4 84. Kc4 e3 85. Kd3 Kf2 0-1

[Event "89th UKR-ch"]
[Site "Omelnyk UKR"]
[Date "2020.11.18"]
[Round "1.6"]
[White "Zubov, Alexander"]
[Black "Borsuk, Kostyantyn"]
[WhiteElo "2589"]
[BlackElo "2401"]
[Result "1-0"]
[EventDate "2020.11.18"]
[PlyCount "99"]

1. d4 Nf6 2. c4 e6 3. Nc3 Bb4 4. e3 O-O 5. Bd3 d5 6. Nf3 c5 7. O-O dxc4 8. Bxc4 Nc6 9. a3 Bxc3 10. bxc3 Qc7 11. Bb2 e5 12. Be2 Rd8 13. Qc2 Bg4 14. dxe5 Nxe5 15. c4 Nxf3+ 16. gxf3 Bh3 17. Rfd1 Qc6 18. Qc3 Ne8 19. Kh1 f6 20. Rd5 Be6 21. e4 Bxd5 22. cxd5 Qb6 23. Bc1 c4 24. Be3 Qc7 25. Qxc4 Qxc4 26. Bxc4 Rac8 27. Bf1 b6 28. a4 Nd6 29. a5 Nc4 30. Bxc4 Rxc4 31. axb6 axb6 32. Bxb6 Rd6 33. Ra8+ Kf7 34. Ra7+ Kg6 35. Be3 f5 36. Re7 Kf6 37. Re8 Kf7 38. Re5 g6 39. Kg2 Ra6 40. Bg5 Rc7 41. Kg3 Rd7 42. h4 Ra3 43. Be3 Ra1 44. h5 Rg1+ 45. Kf4 fxe4 46. fxe4 Rd6 47. Kf3 Ra6 48. h6 Rh1 49. Bg5 Ra3+ 50. Kf4 1-0

[Event "89th UKR-ch"]
[Site "Omelnyk UKR"]
[Date "2020.11.18"]
[Round "1.7"]
[White "Mosesov, Danyil"]
[Black "Ovseevich, Sergei"]
[WhiteElo "2391"]
[BlackElo "2587"]
[Result "1/2-1/2"]
[EventDate "2020.11.18"]
[PlyCount "66"]

1. d4 Nf6 2. c4 e6 3. Nf3 d5 4. Nc3 Be7 5. Bf4 O-O 6. e3 b6 7. cxd5 Nxd5 8. Nxd5 exd5 9. Bd3 c5 10. b3 Nc6 11. O-O Bg4 12. dxc5 bxc5 13. Bb5 Qb6 14. Bxc6 Bxf3 15. Qxf3 Qxc6 16. Rad1 Rfd8 17. Rd2 Rd7 18. Rfd1 Rad8 19. Be5 Qe6 20. Qf4 h6 21. Rd3 d4 22. exd4 cxd4 23. Qg3 Bf6 24. Bxf6 Qxf6 25. h3 Rd5 26. Qc7 R8d7 27. Qc8+ Kh7 28. Qc4 g5 29. Qb4 Kg7 30. Qc4 h5 31. Qc2 Re5 32. Qd2 Red5 33. b4 Qe6 1/2-1/2

[Event "89th UKR-ch"]
[Site "Omelnyk UKR"]
[Date "2020.11.18"]
[Round "1.8"]
[White "Kovchan, Alexander"]
[Black "Larkin, Vladislav"]
[WhiteElo "2568"]
[BlackElo "2388"]
[Result "1-0"]
[EventDate "2020.11.18"]
[PlyCount "91"]

1. c4 e5 2. g3 Nc6 3. Bg2 Bc5 4. Nc3 a6 5. e3 d6 6. Nge2 h5 7. d4 Ba7 8. dxe5 Nxe5 9. h3 Ne7 10. b3 Rb8 11. a4 Bd7 12. Bb2 h4 13. g4 f5 14. gxf5 Bxf5 15. e4 Bd7 16. f4 N5g6 17. Qd2 O-O 18. Rf1 Bc5 19. O-O-O b5 20. cxb5 axb5 21. Nxb5 Bxb5 22. axb5 Qe8 23. b4 Ba7 24. Nc3 Qf7 25. e5 Nxf4 26. exd6 cxd6 27. Rde1 Rbe8 28. Qxd6 Bb8 29. Qd7 Qg6 30. Be4 Qg5 31. Kb1 Rd8 32. Qb7 Rd2 33. Bc2 Be5 34. Ne4 Rxc2 35. Kxc2 Qf5 36. Qxe7 Rc8+ 37. Kb1 Qxh3 38. Rd1 Qb3 39. Rd8+ Rxd8 40. Qxd8+ Kf7 41. Qd7+ Kg8 42. Qe8+ Kh7 43. Qxe5 Qd3+ 44. Ka2 Qc4+ 45. Ka3 Qd3+ 46. Qc3 1-0

[Event "89th UKR-ch"]
[Site "Omelnyk UKR"]
[Date "2020.11.18"]
[Round "1.9"]
[White "Berdnyk, Mariya"]
[Black "Sivuk, Vitaly"]
[WhiteElo "2324"]
[BlackElo "2550"]
[Result "1/2-1/2"]
[EventDate "2020.11.18"]
[PlyCount "49"]

1. c4 Nf6 2. g3 g6 3. Bg2 Bg7 4. Nc3 O-O 5. e3 e6 6. Nge2 d5 7. O-O dxc4 8. Qa4 Nbd7 9. Qxc4 Ne5 10. Qb5 Nd3 11. Nd4 Nxc1 12. Raxc1 c6 13. Qa4 Nd7 14. Nb3 Nb6 15. Qa5 Nc4 16. Qxd8 Rxd8 17. d4 Nxb2 18. Na5 Bf8 19. Rb1 Ba3 20. Nd1 Nxd1 21. Rfxd1 Rd7 22. Nxc6 Rc7 23. Na5 Rb8 24. Nc6 Ra8 25. Na5 1/2-1/2

[Event "89th UKR-ch"]
[Site "Omelnyk UKR"]
[Date "2020.11.19"]
[Round "2.1"]
[White "Korobov, Anton"]
[Black "Kovchan, Alexander"]
[WhiteElo "2683"]
[BlackElo "2568"]
[Result "1-0"]
[EventDate "2020.11.18"]
[PlyCount "119"]

1. d4 d5 2. c4 dxc4 3. e3 e6 4. Bxc4 Nf6 5. Nf3 c5 6. O-O Nc6 7. Qe2 a6 8. Rd1 b5 9. d5 bxc4 10. dxc6 Qc7 11. Nc3 Be7 12. e4 h6 13. Qxc4 O-O 14. Qa4 Rb8 15. e5 Nh7 16. a3 Rb6 17. Nd2 c4 18. Nxc4 Rxc6 19. b3 Bb7 20. Be3 Ba8 21. Rac1 f6 22. Bd4 Rd8 23. exf6 Nxf6 24. Be5 Rxd1+ 25. Rxd1 Qc8 26. Bxf6 Bxf6 27. Ne4 Be7 28. f3 Qb8 29. Rd7 Bf8 30. Qa5 Rxc4 31. bxc4 Bxe4 32. fxe4 Qb1+ 33. Kf2 Qxe4 34. Qc3 Bc5+ 35. Kf1 Qf4+ 36. Ke2 Qg4+ 37. Kf1 Qf4+ 38. Ke1 Qe4+ 39. Kd1 Qxg2 40. Qe5 Qg4+ 41. Qe2 Qf5 42. Rd8+ Bf8 43. Qd3 Qh5+ 44. Kc1 Qe5 45. Kb1 Qe1+ 46. Ka2 Qf2+ 47. Qd2 Qc5 48. Qc3 a5 49. Rd3 Qc7 50. Rd2 Qc5 51. Re2 Kf7 52. Qf3+ Ke7 53. Qe4 Qc8 54. Rb2 Qc5 55. Re2 Kd8 56. Re3 Qc7 57. Qxe6 Qxh2+ 58. Re2 Qd6 59. Qe8+ Kc7 60. Qf7+ 1-0

[Event "89th UKR-ch"]
[Site "Omelnyk UKR"]
[Date "2020.11.19"]
[Round "2.10"]
[White "Martynkova, Olena"]
[Black "Neverov, Valeriy"]
[WhiteElo "2222"]
[BlackElo "2453"]
[Result "1/2-1/2"]
[EventDate "2020.11.18"]
[PlyCount "291"]

1. d4 Nf6 2. c4 g6 3. Nf3 Bg7 4. g3 O-O 5. Bg2 d6 6. O-O c6 7. Nc3 Bf5 8. Re1 Ne4 9. Nxe4 Bxe4 10. Bh3 Bxf3 11. exf3 Nd7 12. d5 Ne5 13. dxc6 bxc6 14. Qe2 Qa5 15. Be3 Rab8 16. b3 c5 17. Rad1 Nc6 18. f4 Nb4 19. a4 Nc6 20. Bg2 Qc7 21. Bxc6 Qxc6 22. Rd3 Rb7 23. Bd2 Re8 24. Qd1 Reb8 25. h4 Qd7 26. Kh2 h5 27. Qf3 Qg4 28. Rb1 Qxf3 29. Rxf3 f5 30. Kg2 Bd4 31. Rd3 e5 32. fxe5 dxe5 33. b4 cxb4 34. f4 b3 35. fxe5 Bxe5 36. Rd5 Bf6 37. c5 b2 38. c6 Re7 39. Rd6 Kf7 40. Rxf6+ Kxf6 41. Bg5+ Kf7 42. Bxe7 Kxe7 43. c7 Rc8 44. Rxb2 Rxc7 45. Rb8 Kf6 46. Ra8 Ke5 47. Kf3 Re7 48. a5 Rc7 49. Ke3 Rc3+ 50. Kf2 f4 51. Re8+ Kf5 52. Rf8+ Kg4 53. Rxf4+ Kh3 54. Rf3 Rc2+ 55. Kf1 Rc6 56. Kf2 Ra6 57. Ra3 Rf6+ 58. Rf3 Ra6 59. Ra3 Kh2 60. Kf3 Rf6+ 61. Ke4 Kg2 62. Kd5 Rf3 63. Rxf3 Kxf3 64. a6 Kxg3 65. Kc6 Kxh4 66. Kb7 g5 67. Kxa7 g4 68. Kb7 g3 69. a7 g2 70. a8=Q g1=Q 71. Qd8+ Kh3 72. Qd3+ Kh2 73. Ka6 h4 74. Qe2+ Qg2 75. Qe5+ Kg1 76. Qe3+ Qf2 77. Qg5+ Kh1 78. Qd5+ Kh2 79. Qe5+ Qg3 80. Qe2+ Kg1 81. Qd1+ Kg2 82. Qe2+ Qf2 83. Qe4+ Kf1 84. Qh1+ Ke2 85. Qe4+ Kd2 86. Qb4+ Ke3 87. Qc5+ Kf3 88. Qf5+ Kg3 89. Qg6+ Kh2 90. Qd6+ Qg3 91. Qd2+ Kh3 92. Qd7+ Qg4 93. Qd3+ Kg2 94. Qd2+ Kg3 95. Qd6+ Qf4 96. Qg6+ Kf2 97. Qc2+ Ke1 98. Qb1+ Kd2 99. Qb2+ Kd3 100. Qb3+ Ke2 101. Qc2+ Ke1 102. Qb1+ Kd2 103. Qb2+ Kd3 104. Qb3+ Ke4 105. Qe6+ Kf3 106. Qd5+ Qe4 107. Qb3+ Kf4 108. Qf7+ Qf5 109. Qc4+ Kg5 110. Qc1+ Kg6 111. Qg1+ Qg5 112. Qb1+ Kh6 113. Qf1 Kg7 114. Qh3 Qf6+ 115. Kb7 Kf7 116. Qb3+ Qe6 117. Qf3+ Ke8 118. Ka8 h3 119. Qh5+ Kd7 120. Ka7 Qe3+ 121. Kb7 Qb3+ 122. Ka7 Kc6 123. Qg6+ Kc5 124. Qg5+ Kb4 125. Qe7+ Kc3 126. Qe5+ Kc2 127. Qh2+ Kb1 128. Qg1+ Ka2 129. Qh2+ Ka3 130. Qd6+ Ka2 131. Qh2+ Ka1 132. Qh1+ Kb2 133. Qh2+ Kc1 134. Qh1+ Kb2 135. Qh2+ Ka3 136. Qd6+ Ka4 137. Qa6+ Kb4 138. Qd6+ Kc4 139. Qe6+ Kb4 140. Qd6+ Kc3 141. Qg3+ Kc4 142. Qc7+ Kd4 143. Qf4+ Kc3 144. Qg3+ Kc4 145. Qc7+ Kd3 146. Qg3+ 1/2-1/2

[Event "89th UKR-ch"]
[Site "Omelnyk UKR"]
[Date "2020.11.19"]
[Round "2.2"]
[White "Matvyishen, Viktor"]
[Black "Kuzubov, Yuriy"]
[WhiteElo "2506"]
[BlackElo "2641"]
[Result "1/2-1/2"]
[EventDate "2020.11.18"]
[PlyCount "43"]

1. d4 Nf6 2. c4 e6 3. Nc3 Bb4 4. f3 d5 5. a3 Bxc3+ 6. bxc3 c5 7. cxd5 Nxd5 8. dxc5 Qa5 9. e4 Ne7 10. Be3 O-O 11. Qb3 Nd7 12. Bb5 Qc7 13. Bxd7 Bxd7 14. Ne2 Nc6 15. O-O Na5 16. Qb4 Nc6 17. Qb1 Na5 18. Rd1 Rfd8 19. Qb4 Nc6 20. Qb3 Na5 21. Qb4 Nc6 22. Qb3 1/2-1/2

[Event "89th UKR-ch"]
[Site "Omelnyk UKR"]
[Date "2020.11.19"]
[Round "2.3"]
[White "Onyshchuk, Volodymyr"]
[Black "Solodovnichenko, Yuri"]
[WhiteElo "2633"]
[BlackElo "2544"]
[Result "0-1"]
[EventDate "2020.11.18"]
[PlyCount "74"]

1. Nf3 c5 2. g3 Nc6 3. Bg2 g6 4. d4 cxd4 5. Nxd4 Bg7 6. Nb3 Nf6 7. Nc3 O-O 8. e4 d6 9. h3 Rb8 10. a4 b6 11. O-O Nd7 12. Bg5 Re8 13. Qd2 Nde5 14. Qe2 Bb7 15. Rfd1 Qc8 16. Nb5 a6 17. Na3 b5 18. axb5 axb5 19. c3 b4 20. Nc2 bxc3 21. bxc3 Nd8 22. Bd2 Qc4 23. Qxc4 Nxc4 24. Be1 f5 25. Na5 Nxa5 26. Rxa5 fxe4 27. Ra4 Ne6 28. Rb4 Ba8 29. Bxe4 Rxb4 30. Bxa8 Rb2 31. Bc6 Reb8 32. Nb4 Nc5 33. Kg2 Kf8 34. Bd5 e6 35. Bf3 d5 36. h4 Rc8 37. Bd2 Rxd2 0-1

[Event "89th UKR-ch"]
[Site "Omelnyk UKR"]
[Date "2020.11.19"]
[Round "2.4"]
[White "Galperin, Platon"]
[Black "Bernadskyi, Vitalii"]
[WhiteElo "2461"]
[BlackElo "2619"]
[Result "1-0"]
[EventDate "2020.11.18"]
[PlyCount "71"]

1. d4 Nf6 2. c4 g6 3. Nc3 Bg7 4. e4 d6 5. Be2 O-O 6. Be3 Nbd7 7. g4 c5 8. g5 Nh5 9. Nf3 a6 10. Qd2 b5 11. cxb5 axb5 12. Bxb5 Bb7 13. O-O Qc8 14. Nh4 cxd4 15. Bxd4 Bxd4 16. Qxd4 Ne5 17. f4 Qg4+ 18. Ng2 Nf3+ 19. Rxf3 Qxf3 20. Be2 Qh3 21. Rf1 Ng7 22. f5 gxf5 23. Rf3 Qh5 24. Rg3 Qg6 25. Qb6 d5 26. Qxb7 Rfb8 27. Qxe7 Qb6+ 28. Kf1 Qxb2 29. Nxd5 Rxa2 30. Ngf4 Qc1+ 31. Kf2 Nh5 32. Qe5 Rba8 33. Nf6+ Nxf6 34. gxf6+ Kh8 35. Qxf5 Ra1 36. Qg5 1-0

[Event "89th UKR-ch"]
[Site "Omelnyk UKR"]
[Date "2020.11.19"]
[Round "2.6"]
[White "Polivanov, Anatoliy"]
[Black "Zubov, Alexander"]
[WhiteElo "2452"]
[BlackElo "2589"]
[Result "1/2-1/2"]
[EventDate "2020.11.18"]
[PlyCount "28"]

1. d4 Nf6 2. Nc3 d5 3. Bg5 c6 4. e3 h6 5. Bxf6 exf6 6. Bd3 Bd6 7. Qf3 h5 8. h3 Nd7 9. Nge2 Nf8 10. e4 dxe4 11. Nxe4 Be7 12. O-O-O Qa5 13. Bc4 Be6 14. Qb3 O-O-O 1/2-1/2

[Event "89th UKR-ch"]
[Site "Omelnyk UKR"]
[Date "2020.11.19"]
[Round "2.7"]
[White "Ovseevich, Sergei"]
[Black "Solovchuk, Oleksiy"]
[WhiteElo "2587"]
[BlackElo "2301"]
[Result "1/2-1/2"]
[EventDate "2020.11.18"]
[PlyCount "72"]

1. Nf3 Nf6 2. c4 e6 3. d4 b6 4. g3 Ba6 5. Nbd2 c5 6. Bg2 Bb7 7. e4 cxd4 8. Nxd4 Bc5 9. N4b3 Qc7 10. O-O O-O 11. Nxc5 bxc5 12. f4 d6 13. g4 Nc6 14. g5 Nd7 15. Nb1 Nd4 16. Nc3 f5 17. Be3 e5 18. fxe5 dxe5 19. exf5 Bxg2 20. Kxg2 Qb7+ 21. Kg1 Nb6 22. b3 Nxf5 23. Bxc5 Nh4 24. Rxf8+ Rxf8 25. Nd5 Nf3+ 26. Kg2 Nxc4 27. Ne7+ Kh8 28. Qd5 Ne3+ 29. Bxe3 Qxe7 30. Kh1 e4 31. Bc5 Qc7 32. Qd6 Qxd6 33. Bxd6 Rd8 34. Bf4 Kg8 35. Kg2 Rd5 36. Rc1 a5 1/2-1/2

[Event "89th UKR-ch"]
[Site "Omelnyk UKR"]
[Date "2020.11.19"]
[Round "2.8"]
[White "Sivuk, Vitaly"]
[Black "Mosesov, Danyil"]
[WhiteElo "2550"]
[BlackElo "2391"]
[Result "1-0"]
[EventDate "2020.11.18"]
[PlyCount "69"]

1. d4 Nf6 2. c4 e6 3. Nf3 c5 4. d5 exd5 5. cxd5 d6 6. e4 g6 7. h3 Bg7 8. Bd3 O-O 9. O-O c4 10. Bc2 b5 11. a3 a5 12. Re1 Re8 13. Bg5 h6 14. Be3 Ba6 15. Nbd2 Nfd7 16. Bd4 Bxd4 17. Nxd4 Ne5 18. N2f3 Nbd7 19. Qd2 Nxf3+ 20. Nxf3 Kh7 21. Rad1 Qb6 22. Qf4 Kg7 23. Nd4 Ne5 24. Qe3 Qc5 25. f4 Nd7 26. Kh1 Bb7 27. Qg3 Kh7 28. e5 Bxd5 29. Nf5 dxe5 30. Qh4 gxf5 31. Bxf5+ Kg7 32. Bxd7 Re7 33. Rxd5 Qxd5 34. Qxe7 Ra7 35. Bc6 1-0

[Event "89th UKR-ch"]
[Site "Omelnyk UKR"]
[Date "2020.11.19"]
[Round "2.9"]
[White "Terletsky, Oleg"]
[Black "Shyshkin, Vadym"]
[WhiteElo "2246"]
[BlackElo "2469"]
[Result "1/2-1/2"]
[EventDate "2020.11.18"]
[PlyCount "70"]

1. e4 c5 2. Nf3 d6 3. d4 cxd4 4. Nxd4 Nf6 5. Nc3 Nc6 6. Bc4 e6 7. Be3 a6 8. Qe2 Be7 9. O-O-O Qc7 10. Bb3 Na5 11. g4 b5 12. g5 Nxb3+ 13. axb3 Nd7 14. Nf5 exf5 15. Nd5 Qd8 16. exf5 Bb7 17. f6 gxf6 18. Rhe1 Bxd5 19. Rxd5 Rg8 20. Bf4 Kf8 21. Bxd6 Bxd6 22. Rxd6 Rxg5 23. Qd2 Ra7 24. Rd1 Kg7 25. Rxd7 Rxd7 26. Qxd7 Qxd7 27. Rxd7 Rg2 28. Rd6 Rxh2 29. Rxa6 h5 30. c4 Rxf2 31. cxb5 Rf5 32. b6 Rb5 33. Kc2 h4 34. Ra4 Rxb6 35. Rxh4 f5 1/2-1/2

[Event "89th UKR-ch"]
[Site "Omelnyk UKR"]
[Date "2020.11.20"]
[Round "3.1"]
[White "Solodovnichenko, Yuri"]
[Black "Korobov, Anton"]
[WhiteElo "2544"]
[BlackElo "2683"]
[Result "1/2-1/2"]
[EventDate "2020.11.18"]
[PlyCount "36"]

1. e4 e6 2. d4 d5 3. Nc3 Nf6 4. Bg5 Be7 5. e5 Nfd7 6. Bxe7 Qxe7 7. f4 a6 8. Qd2 c5 9. Nf3 Nc6 10. dxc5 Nxc5 11. a3 O-O 12. Qe3 Rd8 13. Ne2 b5 14. Ned4 Bb7 15. Bd3 Nxd4 16. Nxd4 Na4 17. O-O g6 18. b4 Rac8 1/2-1/2

[Event "89th UKR-ch"]
[Site "Omelnyk UKR"]
[Date "2020.11.20"]
[Round "3.10"]
[White "Kovchan, Alexander"]
[Black "Terletsky, Oleg"]
[WhiteElo "2568"]
[BlackElo "2246"]
[Result "1-0"]
[EventDate "2020.11.18"]
[PlyCount "61"]

1. Nf3 Nf6 2. c4 g6 3. g3 Bg7 4. Bg2 O-O 5. d4 d6 6. O-O Nbd7 7. Nc3 e5 8. e4 a6 9. Be3 exd4 10. Nxd4 Ne5 11. b3 c5 12. Nde2 Rb8 13. a4 Nfg4 14. Bf4 f5 15. Qd2 Nf6 16. exf5 Bxf5 17. Rad1 Nd3 18. Bg5 Nb4 19. Qf4 Bd3 20. Rd2 h6 21. Bxf6 Qxf6 22. Qxf6 Bxf6 23. Nd5 Bxe2 24. Rxe2 Nc6 25. Re6 Kg7 26. Rxd6 Rbd8 27. Rxd8 Rxd8 28. Re1 Bd4 29. Nf4 Rd6 30. Bxc6 bxc6 31. Re6 1-0

[Event "89th UKR-ch"]
[Site "Omelnyk UKR"]
[Date "2020.11.20"]
[Round "3.2"]
[White "Galperin, Platon"]
[Black "Shevchenko, Kirill"]
[WhiteElo "2461"]
[BlackElo "2592"]
[Result "1/2-1/2"]
[EventDate "2020.11.18"]
[PlyCount "30"]

1. d4 Nf6 2. c4 g6 3. Nc3 Bg7 4. e4 d6 5. Be2 O-O 6. Be3 Nc6 7. Nf3 Ng4 8. Bg5 h6 9. Bh4 g5 10. Bg3 e5 11. dxe5 Ngxe5 12. h4 Be6 13. hxg5 hxg5 14. Qd2 Nxc4 15. Bxc4 Bxc4 1/2-1/2

[Event "89th UKR-ch"]
[Site "Omelnyk UKR"]
[Date "2020.11.20"]
[Round "3.3"]
[White "Kuzubov, Yuriy"]
[Black "Polivanov, Anatoliy"]
[WhiteElo "2641"]
[BlackElo "2452"]
[Result "1-0"]
[EventDate "2020.11.18"]
[PlyCount "85"]

1. d4 d6 2. Nf3 Nf6 3. Nbd2 Bf5 4. c3 g6 5. Qb3 Bg7 6. e4 Bc8 7. e5 dxe5 8. Bc4 O-O 9. dxe5 Ng4 10. e6 f5 11. h3 Nf6 12. Ne5 c6 13. a4 Qa5 14. Ndf3 b5 15. Be2 Ne4 16. O-O Bxe5 17. Nxe5 bxa4 18. Nc4 axb3 19. Rxa5 Ba6 20. Bh6 Rd8 21. Rfa1 Bb5 22. Rxa7 Rxa7 23. Rxa7 Re8 24. Ra8 c5 25. Bf4 Na6 26. Rxe8+ Bxe8 27. Na5 g5 28. Be5 c4 29. Bxc4 Nac5 30. Nxb3 Na4 31. f3 Nxb2 32. Bd5 Nd6 33. Bxd6 exd6 34. Nd4 Nd1 35. e7+ Kg7 36. Nxf5+ Kf6 37. Nxd6 Kxe7 38. Nxe8 Kxe8 39. c4 h5 40. Kf1 Ne3+ 41. Kf2 Nf5 42. Be4 Nd6 43. c5 1-0

[Event "89th UKR-ch"]
[Site "Omelnyk UKR"]
[Date "2020.11.20"]
[Round "3.4"]
[White "Zubov, Alexander"]
[Black "Osmak, Iulija"]
[WhiteElo "2589"]
[BlackElo "2438"]
[Result "1-0"]
[EventDate "2020.11.18"]
[PlyCount "113"]

1. d4 Nf6 2. c4 e6 3. Nc3 Bb4 4. Nf3 b6 5. Qb3 c5 6. e3 O-O 7. Be2 Bb7 8. O-O Nc6 9. dxc5 Bxc5 10. Rd1 Qe7 11. a3 Rfd8 12. Qc2 Rac8 13. b4 Bd6 14. Bb2 Ne5 15. Rxd6 Bxf3 16. Rd4 Bxe2 17. Qxe2 Rc6 18. Rad1 Rdc8 19. Nb5 d5 20. cxd5 Nxd5 21. Qh5 Ng6 22. R4d2 Rc2 23. h3 a5 24. bxa5 bxa5 25. Qe2 Rxd2 26. Qxd2 Qg5 27. Qe2 h6 28. Rd4 Nf6 29. Nd6 Rb8 30. g3 Ne7 31. e4 Nc6 32. Rd1 Ne7 33. h4 Qg4 34. Qxg4 Nxg4 35. Nc4 a4 36. Rd2 Nf6 37. f3 Nc6 38. Kf2 Rb7 39. Rc2 Nd7 40. Nd2 Nce5 41. Bd4 f5 42. Ke3 Kf7 43. Rc8 Nb6 44. Rc5 Ned7 45. Ra5 fxe4 46. Kxe4 Rc7 47. Kd3 e5 48. Be3 Rc6 49. Ra6 Rd6+ 50. Ke2 Rc6 51. Ra7 Ke6 52. Bxb6 Rxb6 53. Rxa4 g5 54. hxg5 hxg5 55. Ne4 Rb2+ 56. Kd3 Kf5 57. g4+ 1-0

[Event "89th UKR-ch"]
[Site "Omelnyk UKR"]
[Date "2020.11.20"]
[Round "3.5"]
[White "Bakhmatskyi, Vladyslav"]
[Black "Sivuk, Vitaly"]
[WhiteElo "2438"]
[BlackElo "2550"]
[Result "0-1"]
[EventDate "2020.11.18"]
[PlyCount "118"]

1. Nf3 Nf6 2. c4 e6 3. Nc3 d5 4. e3 Be7 5. b3 O-O 6. Bb2 dxc4 7. Bxc4 a6 8. Ne5 Nbd7 9. f4 c5 10. O-O Qc7 11. Qc2 Nxe5 12. fxe5 Ng4 13. Qe4 Nxe5 14. Qf4 f6 15. d4 cxd4 16. exd4 Qb6 17. Be2 Rd8 18. Na4 Qa7 19. Kh1 Ng6 20. Qf2 Nf8 21. Bf3 Bd7 22. Nc5 Bc6 23. Rae1 Bxf3 24. gxf3 e5 25. Rg1 Bxc5 26. dxc5 Ne6 27. Bxe5 Qxc5 28. Qxc5 Nxc5 29. Bxf6 Rd7 30. Bc3 Rc8 31. Re2 g6 32. Ba1 Nd3 33. Rd2 Kf7 34. Re1 Nxe1 35. Rxd7+ Ke6 36. Rxb7 Rc2 37. Rb6+ Kd5 38. Rf6 Nd3 39. Rxa6 Rc1+ 40. Kg2 Rxa1 41. Ra7 Nf4+ 42. Kg3 Ne2+ 43. Kf2 Nd4 44. Rxh7 Rxa2+ 45. Kg3 Ke5 46. f4+ Kf6 47. h4 Nf5+ 48. Kh3 Ng7 49. Rh8 Nh5 50. Rf8+ Kg7 51. Rb8 Rf2 52. Rb4 Rf3+ 53. Kg2 Rc3 54. Kf2 Kf6 55. Ke2 Rh3 56. Rb8 Nxf4+ 57. Kd2 Rxh4 58. b4 Nd5 59. b5 Rb4 0-1

[Event "89th UKR-ch"]
[Site "Omelnyk UKR"]
[Date "2020.11.20"]
[Round "3.6"]
[White "Solovchuk, Oleksiy"]
[Black "Matvyishen, Viktor"]
[WhiteElo "2301"]
[BlackElo "2506"]
[Result "1/2-1/2"]
[EventDate "2020.11.18"]
[PlyCount "41"]

1. d4 Nf6 2. c4 g6 3. Nc3 Bg7 4. e4 d6 5. Bd3 O-O 6. Nge2 Nc6 7. O-O e5 8. d5 Nd4 9. Nxd4 exd4 10. Ne2 Re8 11. Qc2 Nd7 12. b3 Nc5 13. Bb2 Qe7 14. Bxd4 Nxd3 15. Qxd3 Qxe4 16. Qxe4 Rxe4 17. Bxg7 Kxg7 18. Nc3 Re7 19. Rfe1 Rxe1+ 20. Rxe1 Bd7 21. f4 1/2-1/2